| 000 | 00777pam a2200241 a 4500 | ||
|---|---|---|---|
| 999 |
_c23803 _d23803 |
||
| 001 | 461670 | ||
| 003 | ARRUPE | ||
| 005 | 20170713115150.0 | ||
| 008 | 830721s1984 enk b 001 0 eng | ||
| 010 | _a 83015948 | ||
| 020 |
_a0710099592 (pbk.) : _c£7.95 |
||
| 040 |
_aDLC _cDLC _dDLC |
||
| 050 | 0 | 0 |
_aB791 _b.S24 1984 |
| 082 | 0 | 0 |
_a190 _219 |
| 100 | 1 |
_aSchacht, Richard, _d1941- _933069 |
|
| 245 | 1 | 0 |
_aClassical modern philosophers : _bDescartes to Kant / _cRichard Schacht. |
| 260 |
_aLondon ; _aBoston : _bRoutledge & Kegan Paul, _c1984. |
||
| 300 |
_axii, 275 p. ; _c22 cm. |
||
| 500 | _aIncludes index. | ||
| 504 | _aBibliography: p. 259-270. | ||
| 650 | 0 |
_aPhilosophy, Modern. _933070 |
|
| 906 |
_a7 _bcbc _corignew _d1 _eocip _f19 _gy-gencatlg |
||
| 942 |
_2lcc _cMONOGRAPH |
||